[Event "Niederbayrische Einzelmeisterschaft"]
[Site "Mamming"]
[Date "2011.03.10"]
[Round "2.8"]
[White "Grigore-Nikolitsch, Corneliu"]
[Black "Reich, Christian"]
[Result "1/2-1/2"]
[WhiteElo "1633"]
[BlackElo "1647"]
[PlyCount "103"]
[EventDate "2011.03.??"]
[EventType "swiss"]
[EventRounds "7"]
[EventCountry "GER"]
[SourceDate "2015.12.20"]
[SourceVersionDate "2015.12.20"]
[WhiteTeam "SC Rottal"]
[BlackTeam "SC Straubing"]

1. e4 c5 2. Nc3 e5 3. a3 Nc6 4. Nd5 Nf6 5. Nxf6+ Qxf6 6. c3 a5 7. a4 d6 8. h3
Be7 9. Nf3 O-O 10. d3 h6 11. Nh2 Qg6 12. Ng4 f5 13. exf5 Bxf5 14. Ne3 Be6 15.
Be2 d5 16. Bg4 Rad8 17. Bxe6+ Qxe6 18. Qg4 Qf6 19. O-O Rd6 20. Bd2 Kh7 21. Rad1
Qg6 22. Qxg6+ Kxg6 23. c4 d4 24. Nd5 Bg5 25. f4 exf4 26. Nxf4+ Kh7 27. Nd5
Rxf1+ 28. Kxf1 Bxd2 29. Rxd2 Nb4 30. Nxb4 axb4 31. b3 b6 32. Re2 g5 33. Re5 Rc6
34. g4 Kg6 35. Ke2 Kf6 36. Rf5+ Kg6 37. Re5 Kf6 38. Re4 Re6 39. Kf3 Re5 40.
Rxe5 Kxe5 41. Kg3 Kf6 42. h4 Ke6 43. h5 Kf6 44. Kg2 Ke7 45. Kf3 Kf6 46. Kg3 Ke6
47. Kf3 Ke5 48. Kg3 Kf6 49. Kf2 Ke5 50. Kf3 Kf6 51. Ke4 Ke6 52. Kf3 1/2-1/2

[Event "Niederbayrische Einzelmeisterschaft"]
[Site "Mamming"]
[Date "2011.03.10"]
[Round "2.9"]
[White "Palmi, Herbert"]
[Black "Strangmueller, Andreas"]
[Result "1-0"]
[WhiteElo "2001"]
[BlackElo "1852"]
[PlyCount "70"]
[EventDate "2011.03.??"]
[EventType "swiss"]
[EventRounds "7"]
[EventCountry "GER"]
[SourceDate "2015.12.20"]
[SourceVersionDate "2015.12.20"]
[WhiteTeam "SC Bayerwald Regen/Zwiesel"]
[BlackTeam "SK Landshut"]

1. e4 e6 2. d3 d5 3. Nd2 c5 4. g3 g6 5. Bg2 Bg7 6. c3 Ne7 7. h4 h6 8. Nh3 Nbc6
9. O-O O-O 10. Nf4 b6 11. Re1 dxe4 12. dxe4 Ne5 13. Qa4 Bd7 14. Qc2 N7c6 15.
Nf3 Nxf3+ 16. Bxf3 Ne5 17. Be2 Bc6 18. Be3 Qe7 19. Ng2 Qb7 20. f3 Kh7 21. Bf4
f5 22. Bxe5 Bxe5 23. f4 Bxe4 24. Bd3 Bxg2 25. Qxg2 Qxg2+ 26. Kxg2 Bc7 27. Rxe6
Bd8 28. Ba6 Kg7 29. Rd1 Bf6 30. Rd7+ Rf7 31. Rdd6 Raf8 32. Bc4 Rc7 33. a4 Rb7
34. Kf3 Rc7 35. Re2 Re7 1-0

[Event "Niederbayrische Einzelmeisterschaft"]
[Site "Mamming"]
[Date "2011.03.10"]
[Round "2.10"]
[White "Schultes, Christoph"]
[Black "Haider, Andreas"]
[Result "1-0"]
[WhiteElo "1822"]
[BlackElo "1562"]
[PlyCount "97"]
[EventDate "2011.03.??"]
[EventType "swiss"]
[EventRounds "7"]
[EventCountry "GER"]
[SourceDate "2015.12.20"]
[SourceVersionDate "2015.12.20"]
[WhiteTeam "SK Landau-Dingolfing"]
[BlackTeam "SV Aham"]

1. d4 g6 2. c4 Bg7 3. Nc3 e6 4. e4 Ne7 5. Nf3 O-O 6. Be2 Nbc6 7. O-O e5 8. dxe5
Nxe5 9. Nxe5 Bxe5 10. Bh6 Re8 11. f4 Bxc3 12. bxc3 Nc6 13. Bd3 d6 14. Bg5 f6
15. Bh4 g5 16. Bg3 Re7 17. c5 dxc5 18. fxg5 fxg5 19. Qf3 Be6 20. Qe3 h6 21. Bb5
Qe8 22. Qxc5 Bd7 23. Rf6 Kg7 24. Raf1 b6 25. Qd5 Be6 26. Bxc6 Bxd5 27. Bxe8 Bc4
28. Bc6 Rd8 29. R6f2 Bxf1 30. Rxf1 Rd2 31. Bd5 c5 32. Be1 Re2 33. Bg3 c4 34. h3
Rxa2 35. e5 Rc2 36. e6 Rd2 37. Bxc4 b5 38. Be5+ Kg8 39. Bxb5 Rd5 40. Bf6 Rxb5
41. Bxe7 Re5 42. Bb4 Rxe6 43. Ra1 a6 44. Rd1 Kf7 45. Rd7+ Kf6 46. Rd6 h5 47.
Rxe6+ Kxe6 48. Kf2 Kd5 49. Ke3 1-0

[Event "Niederbayrische Einzelmeisterschaft"]
[Site "Mamming"]
[Date "2011.03.10"]
[Round "2.11"]
[White "Thurnbauer, Alois"]
[Black "Valenza, Guiseppe"]
[Result "0-1"]
[WhiteElo "1607"]
[BlackElo "1788"]
[PlyCount "82"]
[EventDate "2011.03.??"]
[EventType "swiss"]
[EventRounds "7"]
[EventCountry "GER"]
[SourceDate "2015.12.20"]
[SourceVersionDate "2015.12.20"]
[WhiteTeam "SC Ortenburg 1894"]
[BlackTeam "SV Aham"]

1. d4 Nf6 2. Bf4 g6 3. e3 Bg7 4. Be2 d6 5. Nf3 Nbd7 6. h3 O-O 7. Nbd2 Re8 8.
O-O b6 9. c4 c5 10. Bh2 cxd4 11. exd4 Bb7 12. Bd3 e5 13. dxe5 dxe5 14. Bc2 e4
15. Ne1 Nh5 16. Rb1 Qe7 17. Ba4 Red8 18. Qe2 Nc5 19. Bd1 Bh6 20. f4 Qd6 21. b4
Ne6 22. f5 Nhf4 23. Bxf4 Nxf4 24. Qg4 Qxd2 25. fxg6 hxg6 26. g3 Nd3 27. Nxd3
exd3 28. Bf3 Bxf3 29. Rxf3 Re8 30. h4 Re2 31. Qh3 Rae8 32. Rbf1 Re1 33. Rxf7
Qe3+ 34. Kh1 Qe4+ 35. Kg1 Re2 36. R1f2 d2 37. Qd7 Rxf2 38. Rxf2 Qe6 39. Qd3 Qc6
40. h5 Kg7 41. hxg6 Qc8 0-1

[Event "Niederbayrische Einzelmeisterschaft"]
[Site "Mamming"]
[Date "2011.03.10"]
[Round "2.12"]
[White "Grum, Theodor"]
[Black "Oberpriller, Katharina"]
[Result "1-0"]
[WhiteElo "1777"]
[BlackElo "1556"]
[PlyCount "55"]
[EventDate "2011.03.??"]
[EventType "swiss"]
[EventRounds "7"]
[EventCountry "GER"]
[SourceDate "2015.12.20"]
[SourceVersionDate "2015.12.20"]
[WhiteTeam "SC Grafenau"]
[BlackTeam "FC Ergolding 1932"]

1. e4 c6 2. d4 d5 3. Nc3 dxe4 4. Nxe4 Bf5 5. Ng3 Bg6 6. h4 h6 7. Nf3 Nd7 8. h5
Bh7 9. Bd3 Bxd3 10. Qxd3 Qc7 11. Ne2 e6 12. Bf4 Bd6 13. Bxd6 Qxd6 14. O-O-O
O-O-O 15. Qe3 Qc7 16. Ne5 Nxe5 17. dxe5 Rxd1+ 18. Rxd1 Kb8 19. Rd6 Ne7 20. Qd2
Nd5 21. c4 Nb6 22. Qd4 Kc8 23. Nc3 a6 24. Ne4 Nd7 25. b4 Re8 26. f4 Re7 27. g4
Qb6 28. Rxd7 1-0

[Event "Niederbayrische Einzelmeisterschaft"]
[Site "Mamming"]
[Date "2011.03.10"]
[Round "2.13"]
[White "Huber, Florian"]
[Black "Staller, Josef"]
[Result "0-1"]
[WhiteElo "1394"]
[BlackElo "1705"]
[PlyCount "92"]
[EventDate "2011.03.??"]
[EventType "swiss"]
[EventRounds "7"]
[EventCountry "GER"]
[SourceDate "2015.12.20"]
[SourceVersionDate "2015.12.20"]
[WhiteTeam "SK Landau-Dingolfing"]
[BlackTeam "SC Rottal"]

1. d4 d5 2. Nf3 Nc6 3. e3 Bg4 4. h3 Bh5 5. g4 Bg6 6. Bb5 e6 7. Ne5 Nge7 8. h4
h5 9. g5 Qd6 10. Nc3 a6 11. Bxc6+ Nxc6 12. Nxg6 fxg6 13. Qd3 Ne7 14. Bd2 O-O-O
15. O-O-O e5 16. Na4 exd4 17. exd4 Nf5 18. Ba5 Qc6 19. Qc3 Qxc3 20. Bxc3 Be7
21. Rde1 b6 22. Re6 Rd6 23. Rhe1 Kd7 24. Rxd6+ Bxd6 25. Rh1 Be7 26. Kd1 Re8 27.
b3 Nd6 28. Bd2 Ne4 29. Be3 b5 30. Nb2 Rf8 31. Nd3 Bd6 32. Ke1 b4 33. Bd2 Re8
34. Kd1 a5 35. Rh3 Ra8 36. Rf3 Ke7 37. Re3 Kd7 38. Rf3 Ke6 39. Re3 Kf5 40. Rf3+
Kg4 41. Rf7 Nxd2 42. Kxd2 Kxh4 43. f4 Rf8 44. Rxg7 Bxf4+ 45. Nxf4 Rxf4 46. Ke3
Re4+ 0-1

[Event "Niederbayrische Einzelmeisterschaft"]
[Site "Mamming"]
[Date "2011.03.10"]
[Round "2.15"]
[White "Meier, Hans"]
[Black "Haimerl, Willibald"]
[Result "0-1"]
[WhiteElo "1103"]
[BlackElo "1612"]
[PlyCount "68"]
[EventDate "2011.03.??"]
[EventType "swiss"]
[EventRounds "7"]
[EventCountry "GER"]
[SourceDate "2015.12.20"]
[SourceVersionDate "2015.12.20"]
[WhiteTeam "SV Aham"]
[BlackTeam "SV Deggendorf"]

1. e4 c5 2. Nf3 Nc6 3. d4 cxd4 4. Nxd4 Nf6 5. Nc3 e5 6. Nxc6 bxc6 7. Bc4 Bb4 8.
Qd3 O-O 9. Bd2 d6 10. a3 Ba5 11. O-O Qe7 12. b4 Bc7 13. Rad1 Bg4 14. Ne2 d5 15.
exd5 cxd5 16. Ba2 e4 17. Qb3 Bxe2 18. c4 Bxc4 19. Qb2 Bxf1 20. Rxf1 Ng4 21. g3
Be5 22. Bc3 Bxc3 23. Qxc3 Rac8 24. Qd4 Nf6 25. Re1 Qb7 26. Bb1 Qb6 27. Qd1 Qc6
28. Qd4 Qc3 29. Qxc3 Rxc3 30. Kg2 Rxa3 31. Bc2 g6 32. Rd1 Rb8 33. Rd4 Rc3 34.
Bd1 Rd3 0-1

[Event "Niederbayrische Einzelmeisterschaft"]
[Site "Mamming"]
[Date "2011.03.11"]
[Round "3.1"]
[White "Holzer, Richard"]
[Black "Bielmeier, Ludwig"]
[Result "1-0"]
[WhiteElo "2138"]
[BlackElo "2023"]
[PlyCount "105"]
[EventDate "2011.03.??"]
[EventType "swiss"]
[EventRounds "7"]
[EventCountry "GER"]
[SourceDate "2015.12.20"]
[SourceVersionDate "2015.12.20"]
[WhiteTeam "SK Passau 1869"]
[BlackTeam "SV Deggendorf"]

1. e4 c6 2. d4 d5 3. e5 c5 4. dxc5 Nc6 5. f4 g5 6. c4 d4 7. fxg5 Bg7 8. Bf4
Nxe5 9. Bxe5 Bxe5 10. Nf3 Bg7 11. Bd3 Qa5+ 12. Nbd2 Qxc5 13. Qe2 Bf5 14. O-O-O
O-O-O 15. Rhf1 Be6 16. Kb1 h6 17. h4 Kb8 18. Qe4 Qc6 19. Qxc6 bxc6 20. Nb3 hxg5
21. hxg5 Bg4 22. Rde1 Rh5 23. Ne5 Bxe5 24. Rxe5 f6 25. Re4 Rxg5 26. Rxd4 Rxd4
27. Nxd4 Bd7 28. Be4 Rg4 29. Nxc6+ Kc7 30. Bf3 Rxc4 31. Na5 Bf5+ 32. Ka1 Rc5
33. Nc6 a6 34. b4 Rc3 35. Kb2 Rc2+ 36. Ka1 Bg6 37. b5 axb5 38. Nd4 Rd2 39. Rc1+
Kd7 40. Nxb5 Bd3 41. a4 Be2 42. Bc6+ Kd8 43. a5 Bxb5 44. Bxb5 Rd5 45. Rb1 Kc7
46. a6 Rc5 47. Be2 Ra5+ 48. Kb2 Re5 49. Bc4 Kb6 50. Kc3+ Ka7 51. Rb7+ Ka8 52.
Bxg8 Rg5 53. Bc4 1-0

[Event "Niederbayrische Einzelmeisterschaft"]
[Site "Mamming"]
[Date "2011.03.11"]
[Round "3.2"]
[White "Kleibel, Uwe"]
[Black "Heiduczek, Franz"]
[Result "0-1"]
[WhiteElo "2079"]
[BlackElo "2137"]
[PlyCount "90"]
[EventDate "2011.03.??"]
[EventType "swiss"]
[EventRounds "7"]
[EventCountry "GER"]
[SourceDate "2015.12.20"]
[SourceVersionDate "2015.12.20"]
[WhiteTeam "SC Ortenburg 1894"]
[BlackTeam "SC Rottal"]

1. e4 e5 2. Nf3 d6 3. d4 exd4 4. Nxd4 Nf6 5. Nc3 Be7 6. Bf4 O-O 7. Qd2 c6 8.
O-O-O b5 9. f3 b4 10. Nb1 c5 11. Nb5 Nc6 12. Nxd6 Be6 13. Nf5 Qa5 14. Nxe7+
Nxe7 15. Bd6 Rfd8 16. Qg5 Qxa2 17. Bc4 Qxc4 18. Bxe7 Rxd1+ 19. Rxd1 Nd7 20. b3
h6 21. Qg3 Qe2 22. Re1 Qa6 23. f4 Re8 24. Bh4 f6 25. Rd1 Qb7 26. Qf3 c4 27.
bxc4 Qc7 28. Nd2 Nb6 29. Qh5 Bf7 30. Qg4 Kh8 31. Bxf6 gxf6 32. Qh4 Kg7 33. Qg4+
Kh7 34. Nf3 Qxc4 35. Qf5+ Bg6 36. Qxf6 Qxe4 37. Nd4 Nd5 38. Qc6 Qxf4+ 39. Kb2
Qe5 40. Qd7+ Re7 41. Qd8 Ne3 42. Rc1 Nc4+ 43. Kb3 Bf7 44. Kxb4 Rb7+ 45. Ka4
Be8+ 0-1

[Event "Niederbayrische Einzelmeisterschaft"]
[Site "Mamming"]
[Date "2011.03.11"]
[Round "3.3"]
[White "Mueller, Michael"]
[Black "Popp, Michael"]
[Result "1/2-1/2"]
[WhiteElo "2008"]
[BlackElo "1967"]
[PlyCount "40"]
[EventDate "2011.03.??"]
[EventType "swiss"]
[EventRounds "7"]
[EventCountry "GER"]
[SourceDate "2015.12.20"]
[SourceVersionDate "2015.12.20"]
[WhiteTeam "SC Bayerwald Regen/Zwiesel"]
[BlackTeam "TV 1862 Geiselhöring"]

1. e4 c5 2. Nc3 g6 3. f4 Bg7 4. Nf3 Nc6 5. Bb5 Nd4 6. Bc4 e6 7. O-O Ne7 8. d3
O-O 9. e5 d5 10. exd6 Qxd6 11. Ne4 Qc7 12. c3 Ndf5 13. Qe1 Bd7 14. g4 Nd6 15.
Qh4 Bc6 16. Nf6+ Bxf6 17. Qxf6 Nd5 18. Qh4 Qe7 19. Qf2 Nxc4 20. dxc4 Nf6
1/2-1/2

[Event "Niederbayrische Einzelmeisterschaft"]
[Site "Mamming"]
[Date "2011.03.11"]
[Round "3.4"]
[White "Hirtreiter, Alexander"]
[Black "Palmi, Herbert"]
[Result "1/2-1/2"]
[WhiteElo "1822"]
[BlackElo "2001"]
[PlyCount "71"]
[EventDate "2011.03.??"]
[EventType "swiss"]
[EventRounds "7"]
[EventCountry "GER"]
[SourceDate "2015.12.20"]
[SourceVersionDate "2015.12.20"]
[WhiteTeam "SK Landau-Dingolfing"]
[BlackTeam "SC Bayerwald Regen/Zwiesel"]

1. e4 c5 2. Nc3 e6 3. Nf3 a6 4. g3 b5 5. Bg2 Bb7 6. d3 d6 7. O-O Qc7 8. Ng5 Nf6
9. f4 h6 10. Nh3 b4 11. Ne2 e5 12. Nf2 Nc6 13. Bh3 Nd4 14. Ng4 Nxg4 15. Bxg4
Bc8 16. Bxc8 Rxc8 17. c3 Nxe2+ 18. Qxe2 Be7 19. Qg4 Bf6 20. Bd2 a5 21. Rac1 Qd7
22. Qxd7+ Kxd7 23. f5 Bg5 24. Rf2 bxc3 25. Rxc3 Bxd2 26. Rxd2 Rb8 27. Ra3 Rb5
28. Ra4 Rhb8 29. b3 Ra8 30. Rc2 Ke7 31. Kf2 Kf6 32. Kf3 g6 33. g4 Rb4 34. Rxb4
axb4 35. Rg2 Rh8 36. h4 1/2-1/2

[Event "Niederbayrische Einzelmeisterschaft"]
[Site "Mamming"]
[Date "2011.03.11"]
[Round "3.5"]
[White "Stroeher, Wolfgang"]
[Black "Golder, Waldemar"]
[Result "1/2-1/2"]
[WhiteElo "1976"]
[BlackElo "1824"]
[PlyCount "28"]
[EventDate "2011.03.??"]
[EventType "swiss"]
[EventRounds "7"]
[EventCountry "GER"]
[SourceDate "2015.12.20"]
[SourceVersionDate "2015.12.20"]
[WhiteTeam "SC Straubing"]
[BlackTeam "FC Ergolding 1932"]

1. d4 c6 2. Nc3 d5 3. Bg5 Bf5 4. e3 Nd7 5. Bd3 Bxd3 6. Qxd3 Ngf6 7. Nf3 e6 8.
Ne5 Be7 9. f4 Qc7 10. O-O a6 11. Nxd7 Qxd7 12. Na4 Qc7 13. Nc5 b6 14. Nb3 Ne4
1/2-1/2

[Event "Niederbayrische Einzelmeisterschaft"]
[Site "Mamming"]
[Date "2011.03.11"]
[Round "3.6"]
[White "Haselbeck, Franz"]
[Black "Grum, Theodor"]
[Result "1-0"]
[WhiteElo "1966"]
[BlackElo "1777"]
[PlyCount "60"]
[EventDate "2011.03.??"]
[EventType "swiss"]
[EventRounds "7"]
[EventCountry "GER"]
[SourceDate "2015.12.20"]
[SourceVersionDate "2015.12.20"]
[WhiteTeam "SV Deggendorf"]
[BlackTeam "SC Grafenau"]

1. Nf3 Nf6 2. g3 d5 3. Bg2 c5 4. O-O Nc6 5. d3 e6 6. Nbd2 Be7 7. e4 O-O 8. Re1
b5 9. e5 Nd7 10. c3 Rb8 11. h4 a5 12. Nf1 Qc7 13. Bf4 c4 14. d4 b4 15. Ng5 g6
16. h5 h6 17. Nxe6 fxe6 18. Bxh6 Rd8 19. hxg6 Bf8 20. g7 Bxg7 21. Bxg7 Kxg7 22.
Qg4+ Kf7 23. Re3 Rf8 24. Rf3+ Ke8 25. Qxe6+ Ne7 26. Ne3 Rb5 27. Nf5 Rxf5 28.
Rxf5 Nb6 29. Qf7+ Kd7 30. Rf6 Bb7 1-0

[Event "Niederbayrische Einzelmeisterschaft"]
[Site "Mamming"]
[Date "2011.03.11"]
[Round "3.7"]
[White "Staller, Josef"]
[Black "Christlmaier, Martin"]
[Result "0-1"]
[WhiteElo "1705"]
[BlackElo "1934"]
[PlyCount "82"]
[EventDate "2011.03.??"]
[EventType "swiss"]
[EventRounds "7"]
[EventCountry "GER"]
[SourceDate "2015.12.20"]
[SourceVersionDate "2015.12.20"]
[WhiteTeam "SC Rottal"]
[BlackTeam "SK Landau-Dingolfing"]

1. e4 e5 2. Nf3 Nc6 3. Bb5 a6 4. Bxc6 dxc6 5. O-O Qd6 6. d4 exd4 7. e5 Qd5 8.
Qxd4 Bf5 9. c3 Bc5 10. Qxd5 cxd5 11. Bf4 O-O-O 12. Nbd2 Ne7 13. Nb3 Bb6 14. h3
h6 15. a4 g5 16. Bh2 Rdg8 17. Nbd4 g4 18. hxg4 Rxg4 19. a5 Ba7 20. b4 Rhg8 21.
Bg3 c6 22. Rfd1 Be4 23. Kf1 Nf5 24. Nxf5 Bxf5 25. Rac1 h5 26. c4 dxc4 27. Rd6
Bd3+ 28. Ke1 Re4+ 29. Kd2 Re2+ 30. Kc3 Bxf2 31. Bxf2 Rxf2 32. Ne1 Re2 33. Rf6
Rg3 34. Rf3 h4 35. Rxg3 hxg3 36. Nxd3 cxd3 37. Kxd3 Rxg2 38. Rf1 Rf2 39. Rxf2
gxf2 40. Ke2 Kd7 41. Kxf2 Ke6 0-1

[Event "Niederbayrische Einzelmeisterschaft"]
[Site "Mamming"]
[Date "2011.03.11"]
[Round "3.8"]
[White "Woitylak, Steffen"]
[Black "Grigore-Nikolitsch, Corneliu"]
[Result "1-0"]
[WhiteElo "1928"]
[BlackElo "1633"]
[PlyCount "97"]
[EventDate "2011.03.??"]
[EventType "swiss"]
[EventRounds "7"]
[EventCountry "GER"]
[SourceDate "2015.12.20"]
[SourceVersionDate "2015.12.20"]
[WhiteTeam "TV 1862 Geiselhöring"]
[BlackTeam "SC Rottal"]

1. e4 c5 2. Bc4 e6 3. Nc3 Nc6 4. Nf3 a6 5. a4 Nge7 6. O-O Ng6 7. d4 cxd4 8.
Nxd4 Bc5 9. Nb3 Ba7 10. Qe2 Nge5 11. Bf4 Qh4 12. Bg3 Qg4 13. Kh1 Qxe2 14. Bxe2
O-O 15. f4 Ng6 16. f5 exf5 17. exf5 Nge5 18. f6 g6 19. Rad1 d5 20. Nxd5 Be6 21.
c4 Rad8 22. Bf4 Bb8 23. Ne7+ Nxe7 24. fxe7 Rde8 25. exf8=Q+ Kxf8 26. Nc5 Bf5
27. Nxb7 Kg7 28. Nd6 Bxd6 29. Rxd6 a5 30. Bxe5+ Rxe5 31. Bf3 h5 32. Rd5 Re3 33.
c5 Be6 34. Rd8 Re5 35. Rc1 Bc4 36. c6 h4 37. c7 Be6 38. c8=Q Bxc8 39. Rdxc8 f5
40. R8c5 Re3 41. h3 Kh6 42. Rxa5 Kg5 43. Rc6 Kf4 44. Rxg6 Re1+ 45. Kh2 Rb1 46.
Rf6 Rxb2 47. Rfxf5+ Ke3 48. Ra8 Rb4 49. a5 1-0

[Event "Niederbayrische Einzelmeisterschaft"]
[Site "Mamming"]
[Date "2011.03.11"]
[Round "3.9"]
[White "Hofmann, Paul"]
[Black "Thanner, Daniel"]
[Result "0-1"]
[WhiteElo "1664"]
[BlackElo "1855"]
[PlyCount "46"]
[EventDate "2011.03.??"]
[EventType "swiss"]
[EventRounds "7"]
[EventCountry "GER"]
[SourceDate "2015.12.20"]
[SourceVersionDate "2015.12.20"]
[WhiteTeam "FC Ergolding 1932"]
[BlackTeam "SC Ortenburg 1894"]

1. e4 d5 2. exd5 Nf6 3. d4 Bg4 4. Be2 Bxe2 5. Nxe2 Qxd5 6. O-O e6 7. b3 Be7 8.
c4 Qd7 9. Bb2 O-O 10. Nd2 c5 11. Nf3 Nc6 12. Ne5 Qc7 13. Nxc6 Qxc6 14. Qc2 Rfd8
15. Rfd1 Rd7 16. Rd3 Rad8 17. Rad1 Qe4 18. Ng3 Qg6 19. Qe2 h5 20. h3 h4 21. Nf1
Nh5 22. Qf3 Bf6 23. Qe3 cxd4 0-1

[Event "Niederbayrische Einzelmeisterschaft"]
[Site "Mamming"]
[Date "2011.03.11"]
[Round "3.10"]
[White "Reich, Christian"]
[Black "Schultes, Christoph"]
[Result "1/2-1/2"]
[WhiteElo "1647"]
[BlackElo "1822"]
[PlyCount "101"]
[EventDate "2011.03.??"]
[EventType "swiss"]
[EventRounds "7"]
[EventCountry "GER"]
[SourceDate "2015.12.20"]
[SourceVersionDate "2015.12.20"]
[WhiteTeam "SC Straubing"]
[BlackTeam "SK Landau-Dingolfing"]

1. e4 c5 2. Nf3 Nc6 3. c4 g6 4. d4 cxd4 5. Nxd4 Nf6 6. Nc3 Nxd4 7. Qxd4 d6 8.
Be2 Bg7 9. O-O O-O 10. Qd3 Be6 11. Rb1 Rc8 12. b3 a6 13. a4 Nd7 14. Be3 Nc5 15.
Bxc5 Rxc5 16. Nd5 a5 17. h3 Bc8 18. Rfd1 f5 19. f3 fxe4 20. fxe4 Be6 21. Rf1
Rxf1+ 22. Rxf1 Rc8 23. g4 Be5 24. Kg2 Rb8 25. Nf4 Bxf4 26. Rxf4 Qb6 27. Rf3 Qc5
28. Qe3 Rc8 29. Qxc5 Rxc5 30. Bd3 Bd7 31. Kg3 Bc6 32. Re3 g5 33. Rf3 Bd7 34.
Kf2 Kg7 35. Ke3 Re5 36. Kd4 b6 37. Bf1 Bc6 38. Re3 Re6 39. Be2 Rf6 40. Rf3 Rf4
41. Rxf4 e5+ 42. Kd3 exf4 43. Kd4 Kf6 44. Bf3 Ke6 45. Bd1 Be8 46. Bf3 Bf7 47.
Bd1 Kf6 48. Bf3 Be6 49. Bd1 h5 50. Bf3 hxg4 51. hxg4 1/2-1/2

[Event "Niederbayrische Einzelmeisterschaft"]
[Site "Mamming"]
[Date "2011.03.11"]
[Round "3.11"]
[White "Valenza, Guiseppe"]
[Black "Seidl, Josef"]
[Result "1-0"]
[WhiteElo "1788"]
[BlackElo "1312"]
[PlyCount "93"]
[EventDate "2011.03.??"]
[EventType "swiss"]
[EventRounds "7"]
[EventCountry "GER"]
[SourceDate "2015.12.20"]
[SourceVersionDate "2015.12.20"]
[WhiteTeam "SV Aham"]
[BlackTeam "TSV Kreuzberg"]

1. e4 c5 2. Nc3 e6 3. f4 b6 4. Nf3 Bb7 5. d3 Be7 6. g3 d6 7. Bg2 Nd7 8. O-O Rb8
9. Qe2 Ngf6 10. h3 O-O 11. g4 Kh8 12. Nh2 Qc8 13. g5 Ng8 14. b3 f6 15. h4 Qe8
16. Bd2 a6 17. a4 Bd8 18. Rae1 Qf7 19. Bh3 Bc8 20. Bg4 b5 21. axb5 axb5 22. Bh5
g6 23. Bf3 Re8 24. h5 Ne7 25. hxg6 Nxg6 26. Bh5 Rg8 27. f5 exf5 28. exf5 Nde5
29. fxg6 hxg6 30. Bg4 f5 31. Bf3 Qh7 32. Bf4 Re8 33. Qg2 Ba5 34. Bd2 Nxf3+ 35.
Nxf3 Bb7 36. Kf2 Qg7 37. Nb1 b4 38. Bf4 Rbd8 39. Nbd2 Bd5 40. Qh2+ Kg8 41. Bxd6
Bb6 42. Nc4 Bxc4 43. bxc4 b3 44. Be5 Qd7 45. Qh8+ Kf7 46. Qf6+ Kg8 47. Rh1 1-0

[Event "Niederbayrische Einzelmeisterschaft"]
[Site "Mamming"]
[Date "2011.03.11"]
[Round "3.12"]
[White "Haimerl, Willibald"]
[Black "Thurnbauer, Alois"]
[Result "1/2-1/2"]
[WhiteElo "1612"]
[BlackElo "1607"]
[PlyCount "26"]
[EventDate "2011.03.??"]
[EventType "swiss"]
[EventRounds "7"]
[EventCountry "GER"]
[SourceDate "2015.12.20"]
[SourceVersionDate "2015.12.20"]
[WhiteTeam "SV Deggendorf"]
[BlackTeam "SC Ortenburg 1894"]

1. e4 e5 2. Nf3 d6 3. d4 exd4 4. Nxd4 Nf6 5. Nc3 g6 6. Bg5 Bg7 7. Qd2 O-O 8.
O-O-O Re8 9. f3 a6 10. g4 Nc6 11. Nxc6 bxc6 12. h4 Be6 13. h5 Qb8 1/2-1/2

[Event "Niederbayrische Einzelmeisterschaft"]
[Site "Mamming"]
[Date "2011.03.11"]
[Round "3.13"]
[White "Strangmueller, Andreas"]
[Black "Huber, Florian"]
[Result "1/2-1/2"]
[WhiteElo "1852"]
[BlackElo "1394"]
[PlyCount "48"]
[EventDate "2011.03.??"]
[EventType "swiss"]
[EventRounds "7"]
[EventCountry "GER"]
[SourceDate "2015.12.20"]
[SourceVersionDate "2015.12.20"]
[WhiteTeam "SK Landshut"]
[BlackTeam "SK Landau-Dingolfing"]

1. d4 Nf6 2. c4 c5 3. e3 e6 4. Nc3 cxd4 5. exd4 d5 6. Nf3 dxc4 7. Bxc4 Bd6 8.
O-O O-O 9. Bg5 Nbd7 10. Qe2 Nb6 11. Bb3 Be7 12. Rfe1 Re8 13. Rad1 Nfd5 14. Bxe7
Rxe7 15. Ne4 Bd7 16. Nc5 Bc6 17. Ne5 Rc7 18. Nxc6 bxc6 19. Nd3 Rac8 20. Bc2 Nd7
21. b4 Rb7 22. Qd2 Qb6 23. Nc5 Nxc5 24. bxc5 Qc7 1/2-1/2

[Event "Niederbayrische Einzelmeisterschaft"]
[Site "Mamming"]
[Date "2011.03.11"]
[Round "3.14"]
[White "Haider, Andreas"]
[Black "Lenhard, Alexander"]
[Result "0-1"]
[WhiteElo "1562"]
[BlackElo "1226"]
[PlyCount "110"]
[EventDate "2011.03.??"]
[EventType "swiss"]
[EventRounds "7"]
[EventCountry "GER"]
[SourceDate "2015.12.20"]
[SourceVersionDate "2015.12.20"]
[WhiteTeam "SV Aham"]
[BlackTeam "SV Deggendorf"]

1. e4 c5 2. f4 Nc6 3. Nf3 Nf6 4. e5 Nd5 5. d4 e6 6. Bc4 cxd4 7. Bxd5 Qa5+ 8.
Bd2 Qxd5 9. O-O Bc5 10. Kh1 O-O 11. Qe1 b5 12. b4 Bb6 13. c3 Ne7 14. cxd4 Bxd4
15. Nxd4 Qxd4 16. Bc3 Qd5 17. Na3 Bb7 18. Rf2 Rac8 19. Rd1 Qc6 20. Rc2 Qe4 21.
Qf2 Nd5 22. Rd4 Qg6 23. Nxb5 a6 24. Nd6 Rxc3 25. Rxc3 Nxc3 26. Nxb7 Qb1+ 27.
Qg1 Qxg1+ 28. Kxg1 Ne2+ 29. Kf2 Nxd4 30. Nc5 Rb8 31. Nxa6 Rb6 32. Nc5 Rxb4 33.
Nxd7 Rb2+ 34. Kg3 Rxa2 35. Nc5 Nf5+ 36. Kh3 h5 37. g3 Ne3 38. Ne4 Ng4 39. Kh4
Rxh2+ 40. Kg5 Nf2 41. Nd6 Nh3+ 42. Kxh5 Nxf4+ 43. Kg4 Ng6 44. Nc4 Ra2 45. Kg5
Re2 46. Nb6 Rxe5+ 47. Kg4 Rb5 48. Nd7 Ne5+ 49. Nxe5 Rxe5 50. Kf4 Re1 51. g4 e5+
52. Kf5 e4 53. Kf4 e3 54. Kf3 Rg1 55. Kxe3 Rxg4 0-1

[Event "Niederbayrische Einzelmeisterschaft"]
[Site "Mamming"]
[Date "2011.03.11"]
[Round "3.15"]
[White "Oberpriller, Katharina"]
[Black "Meier, Hans"]
[Result "1-0"]
[WhiteElo "1556"]
[BlackElo "1103"]
[PlyCount "63"]
[EventDate "2011.03.??"]
[EventType "swiss"]
[EventRounds "7"]
[EventCountry "GER"]
[SourceDate "2015.12.20"]
[SourceVersionDate "2015.12.20"]
[WhiteTeam "FC Ergolding 1932"]
[BlackTeam "SV Aham"]

1. d4 d5 2. c4 c6 3. e3 Nf6 4. Nc3 Bf5 5. Nf3 e6 6. Be2 Bd6 7. Bd2 O-O 8. O-O
Nbd7 9. Rc1 h6 10. Re1 e5 11. dxe5 Nxe5 12. cxd5 cxd5 13. Nb5 Nxf3+ 14. Bxf3
Be5 15. Bc3 Bb8 16. Qb3 Ne4 17. Bxe4 dxe4 18. Nd4 Qc7 19. g3 Bg4 20. Bb4 Qd7
21. Bxf8 Kxf8 22. Qb5 Qe7 23. Nf5 Qd8 24. Qb4+ Kg8 25. Rc8 Qxc8 26. Ne7+ Kh7
27. Nxc8 Be5 28. Qxe4+ f5 29. Qxe5 Rxc8 30. Kg2 b6 31. h3 Rc5 32. Qe8 1-0